5 [i.e. Quinta] Bienal Internacional del Cartel en México = Fifth Internacional Biennial of the Poster in Mexico = Cinquième Biennale Internationale de L´Affiche au Mexique (Record no. 892)
[ view plain ]
| 000 -CABECERA | |
|---|---|
| campo de control de longitud fija | 01337nam a2200265 a 4500 |
| 001 - NÚMERO DE CONTROL | |
| campo de control | BRCA_1011 |
| 005 - FECHA Y HORA DE LA ÚLTIMA TRANSACCIÓN | |
| campo de control | 20190320203236.0 |
| 008 - DATOS DE LONGITUD FIJA--INFORMACIÓN GENERAL | |
| campo de control de longitud fija | 031105s1998----mx-a---###---#000-0#spa-d |
| 041 ## - CÓDIGO DE LENGUA | |
| Código de lengua del texto/banda sonora o título independiente | spa |
| 044 ## - CÓDIGO DEL PAÍS DE LA ENTIDAD EDITORA/PRODUCTORA | |
| Código MARC del país | mx |
| 050 #4 - SIGNATURA TOPOGRÁFICA DE LA BIBLIOTECA DEL CONGRESO | |
| Número de clasificación | NC1807.M4 |
| Número de documento/Ítem | .B54 5 |
| -- | 1998 |
| 245 10 - MENCIÓN DE TÍTULO | |
| Título | 5 [i.e. Quinta] Bienal Internacional del Cartel en México = Fifth Internacional Biennial of the Poster in Mexico = Cinquième Biennale Internationale de L´Affiche au Mexique |
| Mención de responsabilidad, etc. | diseño gráfico del catálogo Xavier Bermúdez Bañuelos y Eduardo Barrera Alambarri ; traducción Luli Cadet. |
| 260 ## - PUBLICACIÓN, DISTRIBUCIÓN, ETC. | |
| Lugar de publicación, distribución, etc. | México |
| Nombre del editor, distribuidor, etc. | Lozano Fideicomiso para la cultura México/USA : Trama Visual AC : UAM : Universidad Veracruzana |
| Fecha de publicación, distribución, etc. | 1998 |
| 300 ## - DESCRIPCIÓN FÍSICA | |
| Extensión | 201 p. |
| Otras características físicas | il. a color |
| Dimensiones | 28 cm. |
| Material acompañante/anejo | Programa de actividades |
| 500 ## - NOTA GENERAL | |
| Nota general | Catálogo de la exposición realizada en el Museo Franz Mayer (Ciudad de México), 23 octubre, 1998 |
| 546 ## - NOTA DE LENGUA/LENGUAJE | |
| Nota de lengua/lenguaje | Texto en : español, inglés y francés |
| 650 14 - PUNTO DE ACCESO ADICIONAL DE MATERIA--TÉRMINO DE MATERIA | |
| Término de materia o nombre geográfico como elemento de entrada | Carteles |
| Subdivisión de forma | Concursos |
| Subdivisión general | Diseño |
| Subdivisión geográfica | México |
| 9 (RLIN) | 3327 |
| 650 14 - PUNTO DE ACCESO ADICIONAL DE MATERIA--TÉRMINO DE MATERIA | |
| Término de materia o nombre geográfico como elemento de entrada | Diseñadores gráficos |
| Subdivisión de forma | Exposiciones |
| Subdivisión geográfica | México |
| 9 (RLIN) | 3328 |
| 700 1# - PUNTO DE ACCESO ADICIONAL--NOMBRE DE PERSONA | |
| Nombre de persona | Bermúdez Bañuelos, Xavier |
| 9 (RLIN) | 3329 |
| 700 1# - PUNTO DE ACCESO ADICIONAL--NOMBRE DE PERSONA | |
| Nombre de persona | Barrera Alambarri, Eduardo |
| 9 (RLIN) | 3330 |
| 700 1# - PUNTO DE ACCESO ADICIONAL--NOMBRE DE PERSONA | |
| Nombre de persona | Cadet, Luli |
| 9 (RLIN) | 3331 |
| 740 0# - PUNTO DE ACCESO ADICIONAL--TÍTULO RELACIONADO O ANALÍTICO NO CONTROLADO | |
| Título relacionado o analítico no controlado | Fifth Internacional Biennial of the Poster in Mexico |
| 740 0# - PUNTO DE ACCESO ADICIONAL--TÍTULO RELACIONADO O ANALÍTICO NO CONTROLADO | |
| Título relacionado o analítico no controlado | Cinquième Biennale Internationale de L´Affiche au Mexique |
| 942 ## - ELEMENTOS DE PUNTO DE ACCESO ADICIONAL (KOHA) | |
| Fuente del sistema de clasificación o colocación | Library of Congress Classification |
| Tipo de ítem Koha | Libros |
| Estado de retiro | Estado de pérdida | Estado dañado | No para préstamo | Localización permanente | Ubicación/localización actual | Fecha de adquisición | Total de préstamos | Signatura topográfica completa | Código de barras | Fecha visto por última vez | Precio válido a partir de | Tipo de ítem Koha |
|---|---|---|---|---|---|---|---|---|---|---|---|---|
| El ejemplar forma parte de la colección y puede ser consultado según las políticas vigentes. | Biblioteca del Museo Franz Mayer (Rogerio Casas-Alatriste) | Biblioteca del Museo Franz Mayer (Rogerio Casas-Alatriste) | 26/06/2008 | NC1807.M4 .B54 5 1998 | 01503 | 22/03/2019 | 22/03/2019 | Libros |